| 000 | 01204nam a22003137a 4500 | ||
|---|---|---|---|
| 001 | T0000009 | ||
| 003 | KOHA_MİRAKIL | ||
| 005 | 20260207004503.0 | ||
| 007 | ta | ||
| 008 | 190402b2011 xx |||grm|||#0|||0|tur | | ||
| 040 |
_aTR-BiSEU _btur _cTR-BiSEU _erda |
||
| 041 | 0 | _atur | |
| 050 | 0 | 0 |
_aTez _b9 |
| 100 | 1 | _aOlcay, Mihraç. | |
| 245 | 1 |
_aBilecik seramik sektörünün elmas modeli ile rekabet analizi/ _cMihraç Olcay ; Mihraç Olcay; danışman İsa İpçioğlu. |
|
| 264 | 1 |
_aBilecik : _bBilecik Üniversitesi _c2011 |
|
| 300 | _aX, 173 sayfa: tablo, grafik; 30 cm.+1 CD-ROM | ||
| 336 |
_ametin _btxt _2rdacontent |
||
| 337 |
_aaracısız _bn _2rdamedia |
||
| 338 |
_acilt _bnc _2rdacarrier |
||
| 500 | _aRef. No; 404210 | ||
| 500 | _aKaynakça var. | ||
| 500 | _aİngilizce Eser Adı: Diamond model of competitive analysis of the ceramic industry with Bilecik | ||
| 502 | _aTez (Yüksek Lisans) -- Bilecik Üniversitesi Sosyal Bilimler Enstitüsü İşletme Anabilim Dalı, Bilecik, . | ||
| 650 | 0 |
_aRekabet avantajı--Seramik sektörü--Bilecik. _9118797 |
|
| 650 | 0 |
_aCompetetive advantage--Ceramic industry--Bilecik. _9118798 |
|
| 856 | 4 | 0 | _uhttp://acikkaynak.bilecik.edu.tr/xmlui/handle/11552/73 |
| 907 | _aYüksek Lisans | ||
| 942 |
_2lcc _cTS |
||
| 999 |
_c64560 _d64560 |
||